[Event "2nd Silman TNM: 2000+"]
[Site "San Francisco"]
[Date "2025.05.20"]
[Round "3.3"]
[White "Liou, Arthur"]
[Black "Coyne, Theodore James"]
[Result "0-1"]
[Annotator "TA"]
[WhiteElo "2030"]
[BlackElo "2263"]
[PlyCount "92"]
[GameId "2180539581698289"]
[EventDate "2025.??.??"]

{[%evp 9,92,92,85,39,42,26,42,8,6,6,3,0,0,2,9,0,0,0,0,0,-2,-11,-4,0,0,0,0,0,0,-10,0,0,0,0,0,0,0,0,0,-5,-8,-80,0,-26,0,-21,0,0,0,-21,-7,0,0,-34,-8,-21,-10,-11,-10,-15,-14,-26,0,0,0,0,0,0,0,-10,0,-69,-8,-497,-467,-629,-619,-616,-556,-1377,-784,-29991,-29989,-29989,-29990]} 1. e4 {[%emt 0:00:03]} e5 {[%emt 0:08:56]} 2. Nf3 {[%emt 0:00:08]} f5 {[%emt 0:00:12]} 3. Nxe5 {[%emt 0:00:09]} Nc6 {[%emt 0:00:05]} 4. Nxc6 {[%emt 0:00:35]} dxc6 {[%emt 0:00:05]} 5. exf5 {[%emt 0:00:33]} Bxf5 {[%emt 0:00:05]} 6. d4 {[%emt 0:00:28] C40: Latvian and Elephant Gambits.} (6. d3 $16) 6... Qf6 $14 {[%emt 0:00:05]} 7. Bd3 {[%emt 0:02:42]} O-O-O {[%emt 0:07:28]} 8. Be3 {[%emt 0:01:55] White is slightly better.} Ne7 {[%emt 0:03:39][%cal Bg8e7,Be7f5,Bf5e3][%mdl 32] Black sacrificed a pawn} 9. O-O {[%emt 0:13:18]} Qg6 $146 {[%emt 0:04:25]} (9... Kb8 10. c3 h5 11. Bxf5 Qxf5 12. Nd2 g5 13. Qf3 g4 14. Qxf5 Nxf5 15. Rae1 c5 {1-0 (25) Farley,T (2210)-Durant,N St Helier 2000}) 10. Bxf5+ {[%emt 0:02:50]} Nxf5 {[%emt 0:00:06]} 11. c3 {[%emt 0:00:42]} c5 {[%emt 0:07:25]} 12. d5 {[%emt 0:03:13]} Nxe3 {[%emt 0:14:36]} 13. fxe3 {[%emt 0:00:09]} Qe4 {[%emt 0:00:11][%csl LRd5,LRe3]} 14. Qf3 {[%emt 0:00:32]} Qxd5 {[%emt 0:00:41]} 15. Qxd5 {[%emt 0:00:16]} Rxd5 {[%emt 0:00:06]} 16. Na3 {[%emt 0:00:15]} Be7 {[%emt 0:02:30]} 17. Rad1 {[%emt 0:00:37]} Rhd8 {[%emt 0:01:29]} 18. Rxd5 {[%emt 0:00:47]} Rxd5 $11 {[%emt 0:00:09][%mdl 4096] Endgame KRB-KRN} 19. e4 {[%emt 0:03:40]} Re5 {[%emt 0:05:19]} 20. Re1 {[%emt 0:00:15]} a6 {[%emt 0:00:57]} 21. Nc4 {[%emt 0:01:10]} Re6 {[%emt 0:00:15]} 22. a4 {[%emt 0:00:14]} b5 {[%emt 0:00:21]} 23. axb5 {[%emt 0:00:08]} axb5 {[%emt 0:00:08]} 24. Na3 {[%emt 0:00:25]} c6 {[%emt 0:14:55] next ...c4 is good for Black.} 25. Kf2 {[%emt 0:00:42]} (25. Nc2 $11 {remains equal.}) 25... Rd6 {[%emt 0:01:28]} (25... Rf6+ $17 26. Ke3 Rh6) 26. Re2 {[%emt 0:00:42]} Rd3 {[%emt 0:03:27]} 27. Re3 {[%emt 0:06:01]} Rd2+ {[%emt 0:00:42]} 28. Re2 {[%emt 0:00:07]} Rd1 {[%emt 0:00:19]} 29. Re1 {[%emt 0:00:11]} Rd2+ {[%emt 0:03:49]} 30. Re2 {[%emt 0:00:08]} Rd3 {[%emt 0:05:35]} 31. Re3 {[%emt 0:00:14]} Rd8 {[%emt 0:02:26] Strongly threatening ...Bg5.} 32. Re2 {[%emt 0:08:44]} Bg5 {[%emt 0:02:04]} 33. Nc2 $1 {[%emt 0:03:10]} Kd7 {[%emt 0:01:19]} 34. Ne1 {[%emt 0:01:01]} Ke6 {[%emt 0:00:51]} 35. Nf3 {[%emt 0:00:17]} Be7 {[%emt 0:00:58]} 36. Ke3 {[%emt 0:02:25]} Rd1 {[%emt 0:00:38]} 37. Kf4 {[%emt 0:01:12]} Bd6+ {[%emt 0:01:20]} 38. e5 {[%emt 0:01:23]} Be7 {[%emt 0:00:09]} 39. Ke4 {[%emt 0:00:20]} h5 {[%emt 0:01:33]} 40. Ne1 {[%emt 0:02:12]} (40. Re1 $11 Rd8 41. b4) 40... g5 {[%emt 0:02:38] Black is more active.} ({Better is} 40... Rd5 $1 $15 41. Kf4 g5+ 42. Kf3 Rxe5 43. Rxe5+ Kxe5 44. Nd3+ Kd5) {White does not recover from this.} 41. Nf3 $2 {[%emt 0:00:54][%mdl 8192] [#]} (41. Nd3 $1 $11) 41... Rd5 $1 $19 {[%emt 0:01:29]} 42. h3 {[%emt 0:02:00] [#]} g4 $1 {[%emt 0:00:14]} 43. hxg4 {[%emt 0:00:37]} hxg4 {[%emt 0:00:14]} 44. Nd2 {[%emt 0:00:44]} Bg5 {[%emt 0:00:56]} 45. Nf1 {[%emt 0:01:30]} Rxe5+ {[%emt 0:00:06]} 46. Kd3 {[%emt 0:00:06]} {Weighted Error Value: White=0.66/Black=0.21 (precise)} c4+ {[%emt 0:00:12][%mdl 64] Deflection} 0-1

[Event "2nd Silman TNM: 2000+"]
[Site "San Francisco"]
[Date "2025.05.20"]
[Round "3.4"]
[White "Smith, Olivia"]
[Black "Diller, Bradley R"]
[Result "1-0"]
[Annotator "Diller,Bradley R"]
[WhiteElo "2137"]
[BlackElo "2070"]
[PlyCount "73"]
[GameId "2180537704403164"]
[EventDate "2025.??.??"]

{[%evp 0,73,13,22,27,25,19,-40,16,31,25,28,-21,-7,7,33,36,65,50,50,40,50,50,49,40,64,92,57,61,1,84,77,77,85,40,72,195,78,179,192,202,191,216,214,332,217,338,264,374,288,281,297,319,231,363,356,379,386,341,318,376,373,315,502,433,438,447,386,414,344,419,323,766,686,1202,1208]} 1. e4 {[%emt 0:00:03]} e6 {[%emt 0:00:01]} 2. d4 {[%emt 0:00:06]} d5 {[%emt 0:00:02]} 3. Nc3 {[%emt 0:00:08]} Bb4 {[%emt 0:00:08]} 4. e5 {[%emt 0:00:17]} c5 {[%emt 0:00:11]} 5. a3 {[%emt 0:00:13]} Bxc3+ {[%emt 0:00:03]} 6. bxc3 {[%emt 0:00:05]} Nc6 {[%emt 0:00:12] One of the central ideas of the uncommon move 5 ... Nc6 is to prepare Qa5 followed by early queenside castling if White delays the Qg4 sortie. Unfortunately, I failed to grasp this concept, because typically this setup is thwarted by an early Qg4. 7. h4 chosen by White is a good response and too and is typically followed by h5 gaining space on kingside.} 7. h4 {[%emt 0:01:11]} Bd7 {[%emt 0:13:48]} (7... Nge7 {Gadir's alternative line is more than adequate too.} 8. h5 Qa5) 8. Qg4 {[%emt 0:17:01]} ({More common is 8 h5 and Black should respond with Qa5 followed by queenside castling.} 8. h5 Qa5 9. Bd2 O-O-O 10. Nf3) {8... Nge7 is a slight inaccuracy. 8 ... Qa5! forcing 9 Bd2 and queenside castling is more accurate. Gadir gives the following line:} 8... Nge7 {[%emt 0:08:12]} (8... Qa5 $1 9. Bd2 O-O-O (9... Nge7 10. Qxg7 O-O-O) 10. Qxg7 Nge7 $44 {[%cal Ga5a4]}) 9. Nf3 $2 {[%emt 0:09:37]} (9. Qxg7 {I was anticipating this line that Gadir gives:} Rg8 10. Qxh7 cxd4 11. Rb1 Qc7 12. f4 O-O-O 13. Qd3 Nf5 $14) 9... Nf5 $2 {[%emt 0:06:56]} (9... Qa5 $1 {9 ... Nf5 was a serious positional error because White simply plays 10. Bd3 followed by a later Bxf5 giving Black a bad pawn structure. In addition, the bishop on c8 will be hemmed in by my pawns on light squares. I missed my final chance to play 9... Qa5 which would have given me strong queenside counterplay. Here is Gadir's line:} 10. Bd2 Qa4 11. Qxg7 O-O-O $44 {[%csl Gc2][%cal Gc5d4,Gh8g8]} 12. Bd3 cxd4) 10. Bd3 $16 {[%emt 0:01:44]} h5 {[%emt 0:11:43]} 11. Qf4 {[%emt 0:00:58]} Qa5 {[%emt 0:11:55]} 12. O-O {[%emt 0:00:45]} O-O-O {[%emt 0:00:39]} 13. Rb1 {[%emt 0:05:58]} ({An inaccuracy by White. Gadir gives the following crushing line:} 13. dxc5 $1 Qxc5 14. Rb1 $18) 13... c4 {[%emt 0:03:20]} 14. Bxf5 {[%emt 0:00:24]} exf5 {[%emt 0:00:11]} 15. Ng5 {[%emt 0:00:55]} Rdf8 {[%emt 0:07:00]} 16. Qf3 {[%emt 0:04:27]} Nd8 $2 {[%emt 0:01:16] 16 .. Be6 was correct defending the pawn the f and e pawns, because the natural 16 ... Nd8 followed by Ne6 fails to a4 followed by Bb4 which I missed. The position after 16 ... Be6 is holdable, but unattractive for Black because there is no counterplay.} (16... Be6 $14 {[%cal Ge6d5,Ge6f7]}) 17. a4 $18 {[%emt 0:10:07][%cal Gc1a3] An excellent move by White that I considered but I failed to see that the follow-up with 20 Bb4 forces the win of the critical d-pawn.} Ne6 {[%emt 0:03:20]} 18. Ba3 {[%emt 0:00:46]} Nxg5 {[%emt 0:00:28]} 19. hxg5 {[%emt 0:00:04]} Re8 {[%emt 0:00:25]} 20. Bb4 {[%emt 0:01:22]} Qa6 {[%emt 0:12:34]} 21. Qxd5 {[%emt 0:01:30]} Be6 {[%emt 0:00:09]} 22. Qc5+ {[%emt 0:01:08]} Kb8 {[%emt 0:00:29]} 23. d5 {[%emt 0:06:22]} Bd7 {[%emt 0:00:37]} 24. Qd4 {[%emt 0:01:08]} Ka8 {[%emt 0:01:39]} 25. Bd6 {[%emt 0:08:31]} f6 {[%emt 0:01:58]} 26. f4 {[%emt 0:01:39]} fxg5 {[%emt 0:02:44]} 27. fxg5 {[%emt 0:00:11]} g6 {[%emt 0:00:28]} 28. Rb4 {[%emt 0:04:47]} Bxa4 {[%emt 0:01:16]} 29. Ra1 {[%emt 0:00:54]} b5 {[%emt 0:00:01]} 30. Bc5 {[%emt 0:02:37]} Rh7 {[%emt 0:00:29]} 31. e6 {[%emt 0:04:04]} Qc8 {[%emt 0:01:14]} 32. e7 {[%emt 0:02:16]} Rhxe7 {[%emt 0:00:49]} 33. Bxe7 {[%emt 0:00:27]} Rxe7 {[%emt 0:00:01]} 34. d6 {[%emt 0:01:01]} Rb7 {[%emt 0:01:04]} 35. Qd5 {[%emt 0:03:15]} Kb8 {[%emt 0:00:32]} 36. Raxa4 {[%emt 0:00:23]} bxa4 {[%emt 0:00:16]} 37. d7 {[%emt 0:00:13]} 1-0

[Event "2nd Silman TNM: 2000+"]
[Site "San Francisco"]
[Date "2025.05.20"]
[Round "3.6"]
[White "Cremisi, Daniel"]
[Black "Sawhney, Yuvraj Singh"]
[Result "1/2-1/2"]
[Annotator "TA"]
[WhiteElo "2380"]
[BlackElo "2052"]
[PlyCount "132"]
[GameId "2180539581698291"]
[EventDate "2025.??.??"]

{[%evp 17,132,41,49,45,62,16,24,10,21,-10,0,0,5,7,0,0,0,0,0,0,0,-3,0,0,0,-27,0,0,0,0,0,0,0,0,6,0,0,0,6,0,0,0,0,0,0,0,0,0,0,0,0,0,0,0,0,0,0,0,0,0,0,0,0,0,0,0,0,0,0,0,0,0,0,0,0,0,0,0,0,0,0,0,0,0,0,0,0,0,0,0,0,0,0,0,0,0,0,0,0,0,0,0,0,0,0,0,0,0,0,0,0,0,0,0,0,0,0]} 1. d4 Nf6 2. c4 d6 3. Nc3 Nbd7 4. g3 e5 5. Nf3 g6 6. Bg2 Bg7 7. O-O O-O 8. b3 exd4 9. Nxd4 Re8 10. Bb2 {E67: King's Indian: Fianchetto: 6...Nbd7.} Nc5 11. Re1 (11. Qc2 $14 {might be stronger.}) 11... a5 12. Rc1 $146 {White has an edge.} (12. e4 c6 13. Qd2 Qc7 14. Rad1 Bg4 15. f3 Bd7 16. Nc2 Re6 17. Nd4 Ree8 18. Nc2 Re6 19. Nd4 Re7 20. Nc2 Ne8 {1-0 (53) Dixit,A (2304)-Diaz Perez,M (2473) Chess.com INT 2023}) 12... c6 13. Rc2 Qb6 14. Rd2 {[%cal Od4b5]} Nfe4 15. Nxe4 Nxe4 16. Bxe4 Rxe4 17. e3 Bh3 18. Qb1 Rae8 19. Nf3 {[#]} Bxb2 20. Qxb2 {[%cal Of3g5]} Bg4 21. Nh4 {[%cal Og1g2]} R8e6 22. Kg2 {f3 would now be deadly. The position is equal.} g5 23. Nf3 Bxf3+ 24. Kxf3 g4+ 25. Kg2 Qc5 26. Rd4 Qe5 {[#] White must now prevent ...Rxd4.} 27. Red1 Rxd4 28. Qxd4 Qxd4 29. Rxd4 $11 {[%mdl 4096] Endgame KR-KR} h5 30. h3 f5 31. hxg4 (31. Rf4 $5 Re5 $8 32. hxg4 fxg4 33. a3 $11) 31... fxg4 32. Kf1 Kf7 33. Ke2 Ke7 34. Rd1 Re5 35. Rd4 Ke6 36. Rf4 Rf5 37. Kd3 Ke5 38. a3 d5 39. cxd5 cxd5 40. b4 axb4 41. axb4 Rg5 42. Rf8 Rf5 43. Rh8 Kd6 44. Rh6+ Kc7 45. Kd4 Rxf2 46. Rxh5 Rf3 47. Re5 Rxg3 48. Kxd5 Rg1 49. Rg5 g3 50. Kc5 g2 51. Rg7+ Kc8 {( -> ...Rc1+)} 52. Kb5 Re1 53. Rxg2 Rxe3 54. Kb6 Re6+ 55. Kc5 Rh6 56. b5 b6+ 57. Kd5 Rh5+ 58. Kc4 (58. Kc6 $5 Rh6+ $8 59. Kd5 $11) 58... Kb7 59. Rg7+ Kb8 60. Rd7 Kc8 61. Rd6 Kc7 62. Rc6+ Kb7 63. Rg6 Rh4+ 64. Kc3 Rh3+ 65. Kd4 Rh4+ 66. Kd5 {Weighted Error Value: White=0.04 (flawless) /Black=0.03 (flawless)} Rh5+ 1/2-1/2

[Event "2nd Silman TNM: 2000+"]
[Site "San Francisco"]
[Date "2025.05.20"]
[Round "3.7"]
[White "Clemens, Kristian"]
[Black "Shrauger, Alex Hayden"]
[Result "0-1"]
[Annotator "TA"]
[WhiteElo "1965"]
[BlackElo "2206"]
[PlyCount "82"]
[GameId "2180539581698292"]
[EventDate "2025.??.??"]

{[%evp 16,82,25,29,31,31,31,-10,13,21,18,-64,-69,-63,-65,-61,-61,-53,-60,-150,-109,-291,-208,-213,-101,-105,-80,-145,-99,-110,-29,-59,-38,-152,-143,-151,0,0,0,-2,0,-176,-181,-169,-182,-389,-385,-382,-364,-494,-489,-551,-479,-630,-621,-706,-729,-726,-713,-974,-891,-29974,-29974,-1270,-1098,-29983,-29984,-29991,-29992]} 1. d4 Nf6 2. c4 g6 3. Nc3 Bg7 4. e4 d6 5. Nf3 O-O 6. Be2 Nbd7 7. h3 e5 8. d5 Nc5 9. Qc2 Nh5 $1 {E93: King's Indian: Classical: Petrosian System with 7...Nbd7.} 10. b4 Nd7 11. a3 (11. Be3 $14) 11... a5 {The position is equal.} 12. Rb1 Nf4 13. g3 $146 ({White should play} 13. O-O $11) ({Predecessor:} 13. O-O h6 14. Rd1 Nxe2+ 15. Qxe2 b6 16. Bd2 f5 17. Nb5 Rf7 18. bxa5 bxa5 19. Be1 {½-½ (76) Buczinski,H (1968)-Grbac,B (2372) ICCF email 2018}) 13... Nxe2 14. Qxe2 axb4 15. axb4 f5 {[#]} 16. Ng5 {Threatens to win with Ne6.} Nf6 17. Kf1 (17. Ne6 $15 Bxe6 18. dxe6) 17... h6 (17... Qe7 $142 18. exf5 Bxf5) 18. Nf3 $2 (18. Ne6 $17 Bxe6 19. dxe6) 18... fxe4 19. Nd2 Bf5 (19... e3 $19 20. Qxe3 c6) 20. Ndxe4 $17 c6 21. Kg2 (21. Rb2 $142) 21... cxd5 22. cxd5 Rc8 (22... Nxe4 $17 23. Nxe4 Ra2) 23. Rb3 {[#]} b5 24. Nxf6+ (24. f3 $1 $15) 24... Qxf6 25. Rf1 {[%cal Og3g4] [#]} Qf7 $2 (25... Rc4 $1 $17 {and ...Qf7 would now be decisive} 26. Nxb5 Rfc8) 26. g4 $1 $11 Bd7 $36 {[%cal Oe5e4][%mdl 2048] Black has good play.} 27. f3 Rc4 28. Ne4 $2 (28. Rd1 $11 {and White is okay.}) 28... Qxd5 $19 {[%cal Oc4e4]} 29. Rd3 Rd4 30. Rfd1 (30. Rc3 {keeps fighting.}) 30... Bc6 {[#]} 31. Rxd4 exd4 32. Rd3 Qc4 {[%csl LRb4,LRc1]} 33. Bd2 Kh8 34. Be1 Re8 35. Rd2 d5 (35... Qxb4 $2 36. Rc2 Qb3 37. Rxc6 $17) 36. Qxc4 bxc4 37. Nd6 Rxe1 38. b5 {[#]} c3 39. Ra2 {[#]} Bxb5 $1 {( -> ...Re2+)} 40. Nxb5 (40. Kf2 Rf1+) 40... d3 41. Ra7 {Weighted Error Value: White=0.88/Black=0.24 (precise)} c2 0-1

[Event "2nd Silman TNM: 2000+"]
[Site "San Francisco"]
[Date "2025.05.20"]
[Round "3.8"]
[White "Rajaram, Raghu"]
[Black "Winslow, Elliott"]
[Result "1-0"]
[Annotator "Winslow,Elliott"]
[WhiteElo "1848"]
[BlackElo "2200"]
[PlyCount "63"]
[GameId "2180539581698293"]
[EventDate "2025.??.??"]

{[%evp 9,63,26,29,0,58,18,39,27,32,-52,-45,-160,-111,-108,-70,-132,-130,-146,204,111,123,61,89,90,126,106,428,414,414,419,543,534,515,469,498,496,629,609,610,443,429,408,575,578,573,573,552,522,663,655,650,644,635,633,1162,985]} 1. e4 d6 2. d4 g6 3. Nc3 Bg7 4. Bg5 c6 5. Be3 $2 {An incredibly bad move!! But it *did* serve to put me asleep. Let me note here that Jeremy Silman, in whose memory this tournament is named, excelled in squashing bad play and cashing in won positions. While I -- well, I do a lot worse than excel when with a won game. Including against Jeremy! I can only hope, though, that my future opponents give me further chances to "make amends"...} Nf6 6. Be2 {[#]} (6. Nf3) 6... b5 $146 (6... Nbd7 7. Qd2 b5 8. Bf3 (8. a3 $11) 8... Nb6 (8... e5 $15 {was preferable.}) 9. h3 {0-1 (41) Cauvin,M (1860)-Eliet,N (2120) France 1989} (9. e5 $11 Nfd5 10. Bh6)) (6... O-O 7. a4 Qa5 8. f3 (8. Qd2 $11) 8... Nbd7 (8... c5 $15) 9. h4 (9. Nh3 $11) 9... h5 ({Black should try} 9... e5 $15) 10. Nh3 {1-0 (47) Barczi,T (2080)-Tokar,Z (2050) Slovakia 2014}) (6... O-O $11) ({Predecessor:} 6... O-O 7. a4 (7. Nf3 b5 8. a3) 7... Qa5 8. f3 Nbd7 (8... e5 $1 $15) (8... c5 $1 $15) 9. h4 h5 $6 10. Nh3 e5 11. dxe5 dxe5 12. Ng5 Qb4 $14 {1-0 (47) Barczi,T (2080)-Tokar,Z (2050) Slovakia 2014}) (6... Qa5 7. Bd2 O-O 8. Nf3 Nbd7 9. h3 e5 $5) 7. a3 (7. e5 Nfd7 8. f4 Nb6 9. Nf3 $14) 7... Nbd7 (7... O-O 8. f4 e5) 8. f4 {White is slightly better.} Nb6 9. b3 $6 (9. Nf3 $1 $14 {/=}) 9... O-O $15 {[%cal Oe7e5]} 10. g4 $2 {[#]} (10. Nf3 $15) 10... e5 $1 {[%mdl 512]} (10... c5 $142 $1 $17) 11. g5 $17 {[#]} Nfd7 $6 (11... Nxe4 $1 $17 12. Nxe4 Nd5 $17 {[%cal Gd5e3,Ge5f4]} 13. Bf2 exf4 14. Nf6+ Bxf6 15. gxf6 Re8) (11... exf4 $1 12. Bxf4 (12. gxf6 $4 fxe3) 12... Ne8 (12... c5 13. gxf6 Qxf6 14. Bg3 Qxd4 15. Qxd4 Bxd4 16. O-O-O $1 Bxc3 17. Bxd6 Rd8 $17)) 12. dxe5 ({White should try} 12. Qd2 $17) 12... dxe5 13. f5 {[#]} f6 $4 {[%mdl 8192] [#]} (13... gxf5 $1 $19 {and life is bright. Threatens to win with ...f4.} {I was worried about} 14. exf5 (14. Qd6 Bb7) {but} 14... e4 $1 $19 15. f6 Nxf6 $1 16. Qxd8 Rxd8 17. Rd1 (17. gxf6 Bxf6 {regains the piece with an extra pawn or two -- how could I not push myself to calculate that far...}) 17... Rxd1+ 18. Nxd1 Nfd5 $19 {is "only" one pawn, but Black comes alive pretty quickly.}) 14. h4 (14. fxg6 $1 $18 hxg6 15. Nf3 (15. Qd6)) 14... Qe7 15. h5 $6 (15. fxg6 hxg6 16. Qd2 $1 f5 17. h5 $1 $16) 15... gxf5 $6 (15... fxg5 16. hxg6 hxg6 17. Qd2 (17. fxg6 Rf4 $1 $44 {[%cal Gd7f8,Gf8g6]}) 17... gxf5 18. Bxg5 Nf6 $14) 16. h6 $1 {I overlooked a lot of tactics this game -- he didn't!} Bh8 {[#] Ugh} 17. g6 $1 $36 {[%mdl 2048] Keeping Black busy. White attacks} hxg6 $4 {[%mdl 8192] As in the following} (17... f4 $5 {is tougher.} 18. Bxb6 Nxb6 19. g7 Bxg7 20. hxg7 Rf7 $14) 18. exf5 $18 gxf5 19. Bh5 (19. h7+ $5 Kf7 20. Nf3 $18) 19... e4 (19... Kh7 20. Bg6+ $1 {*Another* overlooked shot} Kxg6 21. Qh5+ Kh7 22. Qxf5+ Kg8 23. Qg6+ Bg7 {Now White can win every which way:} 24. Nf3 $1 {gets the biggest number on Stockfish} ({Not this way:} 24. Qxg7+ $2 Qxg7 25. hxg7 Rf7 $11) (24. hxg7 {is good enough} Qxg7 25. Qd3 $18 (25. Qh5 $18 f5 26. Bg5)) (24. O-O-O $5 {This is basically the same biggest number})) 20. Bg6 Rf7 21. Bxf7+ (21. h7+ $1) 21... Qxf7 22. h7+ ({Less strong is} 22. Qd6 Kh7 23. Nh3 (23. Qxc6 Ba6 $16) 23... Ne5 $16) 22... Kf8 {[%cal Bg8f8,Bf8f7,Bf7g6][%mdl 32]} 23. Qd6+ Qe7 24. Qxc6 Ba6 25. Nxb5 {[%cal Bc3b5,Bb5d6,Bd6c8][%mdl 32]} Rc8 (25... Bxb5 $5 {might work better!?} 26. Qxb5 Qe5 27. Qxe5 fxe5 {nah, still quite lost}) 26. Bh6+ $1 {White is clearly winning.} Kf7 27. Nd6+ Kg6 28. Nxc8 {[%mdl 64] Pin} Qe5 29. Rd1 Qg3+ 30. Kd2 {[%cal Oc6e6]} Qg2+ {[#]} 31. Ne2 $1 {[%cal Oc6e6] Intending Qe6! and mate.} Qxe2+ 32. Kc1 {Weighted Error Value: White=0.43/Black=0.87} 1-0

[Event "2nd Silman TNM: 2000+"]
[Site "San Francisco"]
[Date "2025.05.20"]
[Round "3.9"]
[White "Bayaraa, Chinguun"]
[Black "Ivanenko, Anthony Vladimir"]
[Result "1-0"]
[Annotator "Winslow,Elliott"]
[WhiteElo "2176"]
[BlackElo "1913"]
[PlyCount "61"]
[GameId "2180539581698294"]
[EventDate "2025.??.??"]

1. d4 e6 2. c4 f5 3. g3 Nf6 4. Bg2 c6 5. Nc3 d5 6. Nf3 Bd6 7. c5 Bc7 8. b4 b6 9. O-O O-O {[#]} 10. Bf4 Bxf4 11. gxf4 Ne4 12. Qc2 Bd7 13. e3 Kh8 14. Ne5 Be8 15. Ne2 Rg8 16. f3 Nf6 17. Kh1 g5 {[#]} 18. fxg5 Rxg5 19. Nf4 Qe7 20. Qf2 Nh5 21. Nfd3 Qf8 22. f4 Rg8 23. Bf3 Qh6 24. Qh4 a5 25. Bxh5 Qxh5 26. Qf6+ Rg7 27. Rg1 Bg6 {[#]} 28. Nf7+ Kg8 29. Nh6+ Qxh6 30. Qd8+ Kf7 31. Ne5# 1-0

[Event "2nd Silman TNM: 2000+"]
[Site "San Francisco"]
[Date "2025.05.20"]
[Round "3.10"]
[White "Cawthon, Jeremy David"]
[Black "Bambou, Christophe"]
[Result "1/2-1/2"]
[WhiteElo "2009"]
[BlackElo "2119"]
[PlyCount "146"]
[GameId "2180539581698295"]
[EventDate "2025.??.??"]

1. e4 c6 2. d4 d5 3. Nc3 dxe4 4. Nxe4 Nf6 5. Nxf6+ exf6 6. c3 Bd6 7. Bd3 O-O 8. Qc2 Re8+ 9. Ne2 h6 10. O-O Nd7 11. Bf4 Nf8 12. Bxd6 Qxd6 13. Rfe1 Be6 14. Rad1 a5 15. c4 Bg4 16. Bf5 Bxe2 17. Rxe2 g6 18. Bg4 Qf4 19. Bh3 Rad8 20. d5 c5 21. Rde1 Rxe2 22. Qxe2 f5 23. g3 Qd6 24. Qd2 b6 25. Qxh6 Qf6 26. Qd2 Nd7 27. Bg2 Kg7 28. b3 Ne5 29. h3 Nc6 30. Qf4 Nd4 31. Qc7 Qd6 32. Qxd6 Rxd6 33. Re7 Kf6 34. Re8 Nc2 35. Bf1 Nb4 36. a4 Nc2 37. Be2 Nd4 38. Bd1 Rd7 39. Kf1 Kg5 40. h4+ Kf6 41. f3 Rd6 42. Kf2 Kg7 43. Ke3 f6 44. Re7+ Kh6 45. g4 g5 46. h5 fxg4 47. fxg4 f5 48. Kd3 fxg4 49. Bxg4 Rf6 50. Bd1 Rf1 51. Kd2 Rf2+ 52. Ke1 Rf6 53. Rb7 g4 54. Bxg4 Nxb3 55. Be6 Kxh5 56. Rxb6 Nd4 57. Ra6 Nb3 58. Kd1 Kg5 59. Kc2 Rf3 60. Bd7 Nd4+ 61. Kd2 Kf4 62. Bb5 Rf2+ 63. Ke1 Ke3 64. Rh6 Nc2+ 65. Kd1 Kd3 66. Kc1 Ne3 67. Rh3 Re2 68. d6 Kc3 69. Kb1 Kb3 70. Kc1 Rc2+ 71. Kb1 Rb2+ 72. Kc1 Rc2+ 73. Kb1 Rb2+ 1/2-1/2

[Event "2nd Silman TNM: 2000+"]
[Site "San Francisco"]
[Date "2025.05.20"]
[Round "3.11"]
[White "Srinivasan, Sivavishnu"]
[Black "Parsons, Stephen"]
[Result "1/2-1/2"]
[Annotator "Winslow,Elliott"]
[WhiteElo "2068"]
[BlackElo "1840"]
[PlyCount "67"]
[GameId "2180539581698296"]
[EventDate "2025.??.??"]

{[%evp 18,67,0,0,6,8,10,8,198,176,195,0,0,0,0,0,0,0,0,0,0,0,16,0,0,0,16,16,30,13,6,0,59,73,209,0,0,0,0,0,0,0,0,0,0,0,50,76,73,79,78,45]} 1. e4 c5 2. Nf3 Nc6 3. d4 cxd4 4. Nxd4 Nf6 5. Nc3 e5 {[#]} 6. Nf5 d5 7. exd5 Bxf5 8. dxc6 bxc6 9. Qf3 Qd7 10. Bc4 Bb4 {B33: Sicilian: Pelikan and Sveshnikov Variations.} 11. O-O O-O 12. Rd1 {[#]} Bg4 $146 {[#]} ({Predecessor:} 12... Qc8 13. Re1 Re8 14. a3 Ba5 15. b4 Bb6 16. Bb3 h6 17. Be3 Bg4 18. Qg3 Nh5 {0-1 (34) Waszkowiak,K (1044)-Zamarska,S (1605) Szklarska Poreba 2016}) 13. Rxd7 $18 Bxf3 14. Rxf7 (14. Rb7 $18 Bxc3 15. gxf3) 14... Rxf7 $11 {Black sacrificed a pawn} 15. Bxf7+ Kxf7 16. gxf3 Bxc3 17. bxc3 $18 {[%mdl 4096] Endgame KRB-KRN. White is a pawn up.} Rb8 18. Kf1 Ke6 19. Ke2 e4 20. Ba3 exf3+ 21. Kxf3 Rb7 22. Rd1 Rd7 {Dodges Rd6+} 23. Rxd7 Nxd7 $11 {KB-KN. White is a pawn up.} 24. Ke4 c5 (24... g6 $11) 25. c4 $14 {Black must now prevent Kf4.} g6 {[#]} (25... Kd6 $16 {might work better.}) 26. f4 $2 (26. Kf4 $1 $18) 26... h5 $11 {[#]} 27. f5+ gxf5+ 28. Kf4 Kf6 29. h4 a6 30. Bc1 Nb6 31. Be3 Nxc4 (31... Nd7 $11) 32. Bxc5 $14 Nd2 33. Bb4 Nc4 {Weighted Error Value: White=0.26 (precise) /Black=0.32} 34. Bc3+ 1/2-1/2